| 000 | 00637nam a2200217Ia 4500 | ||
|---|---|---|---|
| 005 | 20220117134144.0 | ||
| 008 | 140110s9999 xx 000 0 und d | ||
| 020 |
_a9788184571103 _cRs.1750.00(set) |
||
| 040 | _aLoreto College | ||
| 041 | _aEnglish | ||
| 082 |
_a320.954 _bBIJ |
||
| 245 |
_aDynamics of modern democracy(Vol.1) _bThe Indian experience _cEdited by M.R.Biju |
||
| 260 |
_aNew Delhi _bKanishka publishers,distributors _c2009 |
||
| 300 | _a323p. | ||
| 504 | _aIncludes bibliographical references | ||
| 650 | _aPolitics-India | ||
| 651 | _aIndia-Politics | ||
| 700 | _aBiju,M.R., ed. | ||
| 850 | _aLCLIB | ||
| 942 | _cBK | ||
| 999 |
_c37131 _d87610 |
||